Las metamorfosis traducidas en verso castellano por Pedro Sánchez de Viana

Gespeichert in:
Bibliographische Detailangaben
1. Verfasser: Ovidio Nasón, Publio, Autor Sánchez de Viana, Pedro, Traductor.
Format: keine Angabe
Sprache:Spanisch
Erschienen: Madrid Librería de los Sucesores de Hernando 1910-1911
Katalog:MANES:  Suchergebnis im Bibliothekskatalog
Schulbuchspezifische Eigenschaften:
Schriftenreihe:Biblioteca clásica ; 105 ; 106
Tags: Tag hinzufügen
Keine Tags, Fügen Sie den ersten Tag hinzu!
Hinzugefügt zu:26.04.2016
Geändert in:30.01.2026

MARC

LEADER 000000000a22000000004500
001 36546
003 OSt
005 20260130083249.0
008 160427s sp ||||| |||| 00| 0 spa d
040 |a manes  |c manes 
041 |a Español 
100 1 |a Ovidio Nasón, Publio, Autor  |b Sánchez de Viana, Pedro, Traductor.  |9 19900 
245 0 0 |a Las metamorfosis traducidas en verso castellano por Pedro Sánchez de Viana 
260 3 |a Madrid  |b Librería de los Sucesores de Hernando  |c 1910-1911 
300 |a 365 ; 362 p.  |c 19 cm. 
440 |a Biblioteca clásica ; 105 ; 106  |9 19901 
500 |a Signatura Topográfica: 1716. Enc. rúst., falto de cubierta. Sellos en portada: "Instituto-Escuela de Segunda Enseñanza, Madrid" y "Junta para Ampliación de Estudios, Madrid".  
690 |a CN 
691 0 |a SE 
942 |2 ddc  |c BK 
546 |a España 
999 |c 41352  |d 41352 
999 |c manes:41352  |d 41352